Characters Fairy Tail By Images - Statistiques

Statistiques générales
  • Ce quiz a été pris 44 fois
  • Le résultat moyen est 101 sur 310
Statistiques - réponses
Par images Réponse % Correct
Natsu Dragneel
100%
Happy
97%
Lucy Heartfilia
97%
Carla
95%
Erza Scarlet
95%
Juvia Lockser
95%
Gajeel Redfox
92%
Gray Fullbuster
92%
Luxus Draer
92%
Wendy Marvell
92%
Mirajane Strauss
89%
Makarof Draer
86%
Elfman Strauss
84%
Lisana Strauss
84%
Levy McGarden
81%
Fried Justine
78%
Kanna Alberona
78%
Panther Lily
78%
Edolas Erza
76%
Edolas Gray
76%
Edolas Lucy
76%
Edolas Natsu
76%
Edolas Wendy
76%
Evergreen
76%
Gildarts Clive
76%
Edolas Juvia
73%
Edolas Mirajane
73%
Gemini
73%
Romeo Conbolt
73%
Edolas Elfman
70%
Edolas Kanna
70%
Loki/Leo
70%
Scorpio
70%
Aquarius
68%
Jellal Fernandes
68%
Macao Conbolt
68%
Rogue Cheney
68%
Ul
68%
Aries
65%
Cancer
65%
Frosch
65%
Leon Vastia
65%
Taurus
65%
Virgo
65%
Zeleph Dragneel
65%
Libra
62%
Mavis Vermillion
62%
Mistgun
62%
Sagittarius
62%
Sting Eucliffe
62%
Bixrow
59%
Capricorn
59%
Eclipse Aquarius
59%
Edolas Gajeel
59%
Edolas Levy
59%
Jet
59%
Sorano Agria/Angel
59%
Droy
57%
Eclipse Gemini
57%
Eclipse Leo
57%
Igneel
57%
Pisces
57%
Ultia Milkovich
57%
Acnologia
54%
Arzak Connell
54%
Bisca Connell
54%
Eclipse Aries
54%
Eclipse Cancer
54%
Eclipse Sagittarius
54%
Eclipse Scorpio
54%
Eclipse Taurus
54%
Eclipse Virgo
54%
Erik/Cobra
54%
Horologium
54%
Simon
54%
Wakaba Mine
54%
Layla Heartfilia
51%
Lucy du futur
51%
Macbeth/Midnight
51%
Minerva Orland
51%
Eclipse Libra
49%
Hades
49%
Hisui E. Fiore
49%
Metalicana
49%
Reby du futur
49%
Silver Fullbuster
49%
Eclipse Capricorn
46%
Ichiya Vandalay Kotobuki
46%
Jude Heartfilia
46%
Max Alors
46%
Mest Gryder/Dranbalt
46%
Plue
46%
Roi des Esprits
46%
Yukino Agria
46%
Brandish Myuh
43%
Cherry Blendy
43%
Jera Neekis
43%
Kagura Mikazuchi
43%
Lector
43%
Meldy
43%
Rogue du futur
43%
Anna Heartfilia
41%
Cherrya Blendy
41%
Grandiné
41%
Jackal
41%
Jenny Rearlight
41%
Miliana
41%
Bob
38%
Coco
38%
Eave Tearm
38%
Eclipse Pisces
38%
Eileen Belserion
38%
Flare Corona
38%
Karen Lilica
38%
Kinana
38%
Polyussica
38%
Precht Gaebolg
38%
Warren Rocko
38%
Yuri Draer
38%
Zero
38%
Asuka Connell
35%
Brain
35%
Coco
35%
Iwan Draer
35%
Atlas Flame
32%
Bacchus Groh
32%
Hibiki Lates
32%
Lyra
32%
Mard Geer Tartaros
32%
Michelle Lobster
32%
Nab Lasaro
32%
Nichiya
32%
Richard Buchanan/Hot-Eye
32%
Rob
32%
Crux
30%
Deliora
30%
Lucky Olietta
30%
Lullaby
30%
Orga Nanagear
30%
Ren Akatsuki
30%
Rufus Lore
30%
Sawyer/Racer
30%
Sugarboy
30%
Zera
30%
Azuma
27%
Cubelios
27%
Eclipse Roi des Esprits
27%
God Serena
27%
Ignia Enjin
27%
Jose Porla
27%
Jycrain
27%
Keith
27%
Kyoka
27%
Readers Jonah
27%
Visitor Ecor
27%
August
24%
Bora de Prominens
24%
Dimaria Yesta
24%
Seilah
24%
Shaw
24%
Sugarboy
24%
Toby Horhorta
24%
Warrod Sequen
24%
Wolly Buchanan
24%
Ajil Raml
22%
Alya
22%
Ikaruga
22%
Mary
22%
Sol
22%
Touka
22%
Bluenote Stinger
19%
Cosmos
19%
Daphne
19%
Eligoal
19%
Invel Yura
19%
Jacob Lessio
19%
Jason
19%
Kageyama
19%
Lamy
19%
Larcade Dragneel
19%
Mary Hughes
19%
Michelo
19%
Ohba Babasaama
19%
Rita Draer
19%
Rustyrose
19%
Samuel
19%
Serenne Gesshin
19%
Shitou Yajima
19%
Totomaru
19%
Zankuro
19%
Alexei
16%
Belserion
16%
Beth Vanderwood
16%
Briar
16%
Byro
16%
Ebar Everlue
16%
Ezel
16%
Faust
16%
Fukuro/Owl
16%
Grammy
16%
Hughes
16%
Marin Hollow
16%
Merkphobia Suijin
16%
Niko
16%
Skiadrum
16%
Tempester
16%
Weisslogia
16%
Zirconis
16%
Abel
14%
Aldron Mokushin
14%
Belno
14%
Bloodman
14%
Caelum
14%
Chagot
14%
Draculos Hyberion
14%
Eclipse Ophiuchus
14%
Franmars
14%
Golmine
14%
Imitatia
14%
Jerome
14%
Kamika
14%
Kiria
14%
Ninehart
14%
Ohbra
14%
Ophiuchus
14%
Org
14%
Pyxis
14%
Toma E. Fiore
14%
Yuka Suzuki
14%
Zoldio
14%
Alanya Webb
11%
Angelica
11%
Arcadios
11%
D-6
11%
Gomon
11%
Gran Doma
11%
Jackpot
11%
Jienma Orland
11%
Kain Hikaru
11%
Kurohebi
11%
Lahar
11%
Mio
11%
Nobarly
11%
Rocker
11%
Semus
11%
Suzaku
11%
Torafuzar
11%
Vidaldus
11%
Wahl Icht
11%
Warcry
11%
Bobo
8%
Byro Cracy
8%
Chapati Lola
8%
Crowford Seam
8%
Dan Straight
8%
Dobengal
8%
Drake
8%
Faris
8%
Guttman Kubrick
8%
Hammer
8%
Hiroshi
8%
Juliet Sun
8%
Karamiila
8%
Kemokemo
8%
Lapointe
8%
Lulu
8%
Nady
8%
Nullpudding
8%
Rala
8%
Risley Law
8%
Sniper
8%
Sunny
8%
Sword
8%
Yajeel
8%
Yakudriga
8%
Alok
5%
Archevêque
5%
Arius
5%
Bakel
5%
Datong
5%
Deneb
5%
Elefseria
5%
Geoffrey
5%
Heine Lunasea
5%
Jager
5%
Jean-Luc Neville
5%
Kama
5%
Kanaloa
5%
Karim
5%
Kawazu
5%
Lucky
5%
Mato
5%
Polaris
5%
Velveno
5%
Wolfheim
5%
Yomazu
5%
Zalty
5%
Aceto
3%
Balsamico
3%
Doriate
3%
Fabrizio
3%
Katja
3%
Klodoa
3%
Leiji
3%
Mar
3%
Michelia
3%
Miko
3%
Moka
3%
Neppa
3%
Uosuke
3%
Aucun quiz correspondant
Distribution des résultats
% des personnes avec chaque résultat
Percentile par nombre de réponses
Votre historique - résultats
Vous n’avez pas pris ce quiz